00366cam a2200157ua 45000010005000000080039000050200018000440400009000620410008000710820009000791000031000882450041001192500009001602600029001693000010001988662150210n xxk |||gr||||Z||||||eng a9780099573036 cMAIN aeng a823N aStevenson, R. L.,eAuthor.1 aTrerasure IslandcBy R. L. Stevenson a1st. aLondon:bVintage,c2008. a324p.